[Event "Napoli Giglio Memorial"]
[Site "Napoli"]
[Date "2015.09.10"]
[Round "1"]
[White "Compagnone, Marika"]
[Black "Giovine, Massimo"]
[Result "0-1"]
[WhiteElo "1401"]
[BlackElo "1702"]
[PlyCount "88"]
[EventDate "2015.09.10"]
[EventType "swiss"]
[EventRounds "4"]
[EventCountry "ITA"]
[SourceTitle "EXT 2024"]
[Source "ChessBase"]
[SourceDate "2023.10.10"]
[SourceVersion "1"]
[SourceVersionDate "2023.10.10"]
[SourceQuality "1"]

1. e4 c5 2. d4 cxd4 3. Qxd4 Nc6 4. Qd1 Nf6 5. Nc3 e6 6. Bb5 a6 7. Bxc6 bxc6 8. Nf3 d6 9. 0-0 e5 10. Re1 h6 11. b3 Be7 12. h3 0-0 13. Ba3 Qa5 14. Bxd6 Bxd6 15. Qxd6 Qxc3 16. Nxe5 Bb7 17. Rac1 c5 18. Re3 Qa5 19. Nc6 Bxc6 20. Qxc6 Rac8 21. Qd6 Qxa2 22. f3 Qb2 23. Qd1 Nh5 24. Rd3 Nf4 25. Rd2 Qe5 26. Rd5 Nxd5 27. exd5 Rcd8 28. c4 Ra8 29. Qd2 Rfd8 30. f4 Qf6 31. Re1 a5 32. Qe3 Qd6 33. Kh1 a4 34. bxa4 Rxa4 35. Qc1 Rda8 36. Qc3 Qxf4 37. Rc1 Ra3 38. Qc2 Ra2 39. Qc3 R8a3 40. Qe1 Qd6 41. Rd1 Qg6 42. Qf1 Rg3 43. d6 Rgxg2 44. Qxg2 Qxg2# 0-1